000 00282nam a2200121Ia 4500
008 191201s2015 xx 000 0 und d
100 _aFISCHER,Mario
245 0 _aWebsite Boosting
260 _aN. Delhi
_bFirewall
_c2015
300 _a455
650 _aM.Tech(CSE)
942 _2ddc
_cBK
999 _c6024
_d6024